000 00585nam a2200241 a 4500
001 nice12345678
003 IN_TiNIC
005 20260116011305.0
008 050524s0000 laha grp 000 0 urd
020 _a
_c1
082 0 0 _a297.4
_bBAK
100 _aBakhshi, S K Ziauddin
245 _aSilk-E-Sulook
260 _aLahore
_bAllah Waaley Ki Qawmi Dukaan
_c0000
300 _a228p
500 _aincludes index and biblioraphy
505 2 _aPlus Some Other Tracts
650 _aSufism
700 1 _aBakhshi, S K Ziauddin
902 _bSRS
942 _cBK
999 _c205
_d205